000
00272nam a2200109Ia 4500
008
230907s9999||||xx |||||||||||||| ||und||
082
_a
5.8
_b
PAT
100
_a
Patel, Chintan,
_9
91546
245
0
_a
Internet of things security :
300
_a
xxi, 238 pages ;
942
_c
BK
999
_c
600547
_d
600547